| 000 | 00932nam a22002897a 4500 | ||
|---|---|---|---|
| 003 | CHAP | ||
| 005 | 20220329140530.0 | ||
| 008 | 971013s1977 r 10010 d | ||
| 010 | _a53446 | ||
| 011 | _a54418 | ||
| 035 | _a58569 | ||
| 040 | _cCHAP | ||
| 082 |
_a636.08 _bR83 1976 |
||
| 111 | 0 | 0 |
_aRuakura Farmers' Conference ( _n28 _d: 1976 _c: Hamilton, New Zealand) _9100430 |
| 245 | _aProceedings | ||
| 260 |
_aHamilton : _bMinitry of Agriculture & Fisheries, _c(1977?) |
||
| 300 |
_a119 p. _b: ilus. |
||
| 590 |
_aBATCH-UPD _b10 _c20130110 _lUCH01 _h0446 |
||
| 590 |
_aBATCH-UPD _b10 _c20130410 _lUCH01 _h0123 |
||
| 590 |
_aBATCH-UPD _b10 _c20130914 _lUCH01 _h1459 |
||
| 590 |
_aCONVERSION _b10 _c20130109 _lUCH01 _h1329 |
||
| 650 | 1 | 4 |
_aGanaderĂa _xCongresos. _944677 |
| 650 | 1 | 4 |
_aGanaderĂa _xNueva Zelanda. _944832 |
| 901 | _aBK | ||
| 942 | _cLIBRO | ||
| 949 |
_a636.08 R83 1976 _bBC _cLIBRO _d33724000264289 _eLIBRO _h43617 _i58569 _si |
||
| 999 |
_c53446 _d53446 |
||